=LDR 00000nam 2200000 4500 =001 INLIS000000000024813 =005 20130612123355 =008 ***********************************Ind** =035 ##$$0010-061300000024813 =041 ##$$a Ind =082 ##$$a 347.04 =090 ##$$a 347.04, Bak c =100 ##$$a Bakhtiar, Herlina Suyati =245 ##$$a Serial contoh akta notaris dan akta di bawah tangan buku I mengenai Akta-akta umum, perbankan dan perusahaan multi finance, Herlina Suyati Bakhtiar =260 ##$$a 2002 $b Bandung =300 ##$$a viii, 248 hlm, 22 cm =650 ##$$a Akta Notaris =850 ##$$a NBPNMAT